=LDR 00000nam 2200000 4500 =001 INLIS000000000036020 =005 20130612141828 =008 ***********************************Ind** =035 ##$$a0010-061300000036020 =041 ##$$a Ind =082 ##$$a 155.5 =090 ##$$a 155.5, Alb s =100 ##$$a Al-Bukhori,Jefri =245 ##$$a Sekuntum mawar untuk remaja, Jefri Al-Bukhori =260 ##$$a 2006 $b Jakrta =300 ##$$a 152 hlm., 20 cm =650 ##$$a Psikologi Remaja =850 ##$$a NBPNMAT =990 ##$$a 0001/BPAP-NTB/20142014